00484nam a2200133Ia 4500008004100000100002200041245003600063260006900099300001100168650001100179856006800190999001900258952007300277160712s9999 xx 000 0 und d aPablo, Jose Luis. cJose Luis PabloaLost Monuments c2015bLikhaan: The Journal of Contemporary Philippine Literature avol. 9 xPOETRY uhttp://journals.upd.edu.ph/index.php/lik/issue/view/539/showToc c297101d297101 001040aCLbCLd2016-07-12l0r2016-07-12 00:00:00w2016-07-12yFEJ